000 00648nam a22002177a 4500
003 OSt
005 20151119125321.0
007 http://koha.must.ac.ug:8080/cgi-bin/koha/cataloguing/addbiblio.pl?frameworkcode=BKS#
008 151119b xxu||||| |||| 00| 0 eng d
020 _a0443060134
040 _cDLMN
082 _aWY128 N937m2000
100 _aAlexander,Margaret F[et..al]
_96213
245 _aNursing Practice;
_bHospital &home.
250 _a2nd ed
260 _aLondon;
_bChurchill Livingstone.
_c2000.
300 _axxiv,1118p;
_bcol,ill.
_c28cm
504 _aincludes index.
650 _aNursing Practice.
_9705
942 _2z
_cSLOAN
999 _c2613
_d2613